| 000 | 00534nam a2200193 u 4500 | ||
|---|---|---|---|
| 005 | 20231021063638.0 | ||
| 008 | 150731s1992 r 000 0 eng d | ||
| 020 | _a8423407500 | ||
| 035 | _aUPN01000204700 | ||
| 049 | _aCG | ||
| 050 | 4 |
_aLB1049 _bO7.2 |
|
| 100 | 1 |
_aOrr, Freud _937873 |
|
| 245 | 1 | 0 |
_aCómo triunfar en los exámenes / _cFred Orr, Clive Fletcher. |
| 260 |
_aBarcelona, Esp. : _bDeusto, _c1992. |
||
| 300 | _a143 p. | ||
| 650 | 4 |
_aMétodos de estudio _94280 |
|
| 700 | 1 |
_aFletcher, Clive, _ecoaut. |
|
| 905 | _aLibro | ||
| 999 |
_c176801 _d176801 |
||